भास नाट्य - ग्रंथावली (Record no. 1464274)
[ view plain ]
| 000 -LEADER | |
|---|---|
| fixed length control field | 01392 a2200265 4500 |
| 003 - CONTROL NUMBER IDENTIFIER | |
| control field | OSt |
| 005 - DATE AND TIME OF LATEST TRANSACTION | |
| control field | 20260303111853.0 |
| 008 - FIXED-LENGTH DATA ELEMENTS--GENERAL INFORMATION | |
| fixed length control field | 260227b |||||||| |||| 00| 0 eng d |
| 020 ## - INTERNATIONAL STANDARD BOOK NUMBER | |
| International Standard Book Number | 9789389329407 (Set) (hbk) |
| 037 ## - SOURCE OF ACQUISITION | |
| Terms of availability | REF |
| 040 ## - CATALOGING SOURCE | |
| Original cataloging agency | CRL |
| Transcribing agency | CRL |
| 041 ## - LANGUAGE CODE | |
| Source of code | hin |
| Language code of text/sound track or separate title | hin |
| Language code of original | san |
| 084 ## - COLON CLASSIFICATION NUMBER | |
| Classification number | O15,2D35x 152R5.1-.3 |
| Assigning agency | CRL |
| 245 ## - TITLE STATEMENT | |
| Title | भास नाट्य - ग्रंथावली |
| 260 ## - PUBLICATION, DISTRIBUTION, ETC. | |
| Place of publication, distribution, etc. | दिल्ली, भारत: |
| Name of publisher, distributor, etc. | चौखंभा ओरियन्टालिया, |
| Date of publication, distribution, etc. | 2025. |
| 300 ## - PHYSICAL DESCRIPTION | |
| Extent | भाग 1 (1-446पृ.), भाग 2 (1-530पृ.), भाग 3 (1-354पृ.) |
| 365 ## - TRADE PRICE | |
| Price amount | 3000.00 |
| Currency code | INR |
| 490 ## - SERIES STATEMENT | |
| Series statement | गोकुलदास संस्कृत ग्रंथमाला. 226 |
| 650 ## - SUBJECT ADDED ENTRY--TOPICAL TERM | |
| Source of heading or term | संस्कृत साहित्य |
| 650 ## - SUBJECT ADDED ENTRY--TOPICAL TERM | |
| Source of heading or term | संस्कृत नाटक |
| 700 ## - ADDED ENTRY--PERSONAL NAME | |
| Personal name | शास्त्री, राकेश |
| Relator term | सम्पादक |
| 700 ## - ADDED ENTRY--PERSONAL NAME | |
| Personal name | शास्त्री, राकेश |
| Relator term | अनुवादक |
| 942 ## - ADDED ENTRY ELEMENTS (KOHA) | |
| Koha item type | Reference |
| Source of classification or shelving scheme | Colon Classification (CC) |
| Classification part | O15,2D35x 152R5.1-.3 |
| Withdrawn status | Lost status | Source of classification or shelving scheme | Damaged status | Not for loan | Home library | Current library | Date acquired | Source of acquisition | Cost, normal purchase price | Serial Enumeration / chronology | Inventory number | Total Checkouts | Full call number | Barcode | Date last seen | Cost, replacement price | Price effective from | Koha item type |
|---|---|---|---|---|---|---|---|---|---|---|---|---|---|---|---|---|---|---|
| Colon Classification (CC) | Central Library | Central Library | 2026-02-11 | 25/ ईस्टर्न बुक लिंकर्स | 800.00 | भाग- .1 | 94 & 2026-02-16 | O15,2D35x 152R5.1 | CL1925927 | 2026-02-11 | 1000.00 | 2026-02-11 | Textbook | |||||
| Colon Classification (CC) | Central Library | Central Library | 2026-02-11 | 25/ ईस्टर्न बुक लिंकर्स | 800.00 | भाग- .2 | O15,2D35x 152R5.2 | CL1925928 | 2026-02-11 | 1000.00 | 2026-02-11 | Textbook | ||||||
| Colon Classification (CC) | Central Library | Central Library | 2026-02-11 | 25/ ईस्टर्न बुक लिंकर्स | 800.00 | भाग - .3 | O15,2D35x 152R5.3 | CL1925929 | 2026-02-11 | 1000.00 | 2026-02-11 | Textbook |
